Montréal exo stations with map - Statistics

General Stats
  • This quiz has been taken 82 times
    81 since last reset
  • The average score is 34 of 56
Answers on the Map
Answers color-coded by a green-red scale on the quiz's map according to % correct below.
 
Answer Stats
Answer % Correct
Lucien-L’Allier
86%
Lucien-L’Allier
86%
Lucien-L’Allier
86%
Saint-Jérôme
86%
Vendôme
86%
Gare Centrale
80%
Gare Centrale
80%
Dorval
77%
Montréal-Ouest
77%
Vaudreuil
77%
Mascouche
74%
Parc
74%
Candiac
71%
Hudson
71%
Beaconsfield
69%
Sainte-Anne-de-Bellevue
69%
Sauvé
69%
Lachine
66%
Repentigny
66%
De la Concorde
63%
Île-Perrot
63%
LaSalle
63%
LaSalle
63%
Longueuil-Saint-Hubert
63%
Mont-Saint-Hilaire
63%
Pine Beach
63%
Pointe-Claire
63%
Terrebonne
63%
Blainville
60%
Baie-D’Urfé
57%
Dorion
57%
Anjou
54%
Bois-de-Boulogne
54%
Mirabel
54%
Pincourt–Terrasse-Vaudreuil
54%
Saint-Bruno
54%
Valois
54%
Pointe-aux-Trembles
51%
Saint-Basile-le-Grand
51%
Saint-Constant
51%
Sainte-Catherine
51%
Sainte-Rose
51%
Sainte-Thérèse
51%
Saint-Léonard–Montréal-Nord
51%
Ahuntsic
49%
Beaurepaire
49%
Cedar Park
49%
Chabanel
49%
Du Canal
49%
McMasterville
49%
Rosemère
49%
Saint-Lambert
49%
Delson
46%
Rivière-des-Prairies
46%
Saint-Michel–Montréal-Nord
46%
Vimont
43%
No matching quizzes found
Score Distribution
Percent of People with Each Score
Percentile by Number Answered
Your Score History
You have not taken this quiz since the last reset